000 01328cam a22002654a 4500
003 OSt
005 20210604105404.0
008 971014s1996 ck 000 0 spa
020 _a958927272X
040 _aDLC
_cCO-JMCR
041 0 _aspa
082 0 4 _a344.0189201 /
_bO131c
_223
100 1 _aObregón Sabogal, Orlando
_eautor
_92626
245 1 0 _aConstitución política y derecho de huelga /
_cOrlando Obregón Sabogal, Oscar José Dueñas Ruiz, Francisco Yesid Triana, [y otros 2]
250 _aPrimera edición
260 _a[Bogotá, Colombia] :
_bFundación Friedrich Ebert de Colombia,
_c1996.
300 _a113 páginas ;
_c21 cm.
501 _aCon: notas a pie de página.
505 0 _tDe la huelga-delito a la huelga derecho. /
_rOrlando Obregón Sabogal. --
_tCultura constitucional y derecho de huelga. /
_rOscar José Dueñas Ruiz. --
_tDerecho de huelga, constitución de 1991 y convenios internacionales. /
_rFrancisco Yesid Triana. --
_tVicisitudes de un cambio constitucional sin desarrollo legal. /
_rÁlvaro Delgado Guzmán.
650 1 4 _aHuelgas y cierres patronales
_xLey y legislación
_938125
650 2 4 _aSindicatos laborales
_xderecho y legislación
_938126
700 1 _aDueñas Ruiz, Oscar José,
_eautor
_912418
700 1 _aYesid Triana, Francisco,
_eautor
_938127
942 _2ddc
_cBK
999 _c11883
_d11883